| 000 | 00921nam a2200289 i 4500 | ||
|---|---|---|---|
| 001 | 18125 | ||
| 003 | ES-MaACL | ||
| 005 | 20230906151749.0 | ||
| 007 | t| | ||
| 008 | 010813s2000 sp ||||0| spa j | ||
| 020 | _a84-493-0968-9 | ||
| 040 |
_aM-BN _bspa _cM-BN |
||
| 080 | _a331"19" | ||
| 080 | _a316.052 | ||
| 100 | 1 |
_aBeck, Ulrich. _926929 |
|
| 245 | 1 | 3 |
_aUn nuevo mundo feliz _b: la precariedad del trabajo en la era de la globalización / _cUlrich Beck ; [traducción de Bernardo Moreno Carrillo]. |
| 260 |
_aBarcelona : _bPaidós Ibérica, _c[2000] |
||
| 300 |
_a270 p ; _c24 cm. |
||
| 490 | 1 |
_aPaidós estado y sociedad ; _v79 |
|
| 650 | 1 | 4 |
_aTrabajo- _yS.XX. _917600 |
| 650 | 4 |
_aGlobalización. _913125 |
|
| 700 | 1 |
_aMoreno Carrillo, Bernardo. _983341 |
|
| 830 | 0 |
_aPaidós estado y sociedad ; _v79 _9178635 |
|
| 852 |
_aES-MaACL _jL-24868 _bR.130012 |
||
| 999 |
_c18125 _d18125 |
||